000 01692cam a22004334i 4500
003 PE-LiUPU
005 20250731173210.0
008 150625s1974 wau r 000 0 d
035 _a(Sirsi) a31993
040 _aPE-LiUPU
_bspa
_cPE-LiUPU
_erda
049 _aPRUA
082 0 4 _a220.66
_bH99
_221
110 2 _aGeneral Conference of Seventh-Day Adventists.
_bBiblical Research Committee.
245 1 2 _aA Symposium On Biblical Hermeneutics /
_ceditado por Hyde Gordon.
264 1 _aWashington :
_bThe review and Herald publishing Association Washington,
_c1974.
300 _a273 páginas ;
_c23 centímetros
336 _atext
_2rdacontent
337 _aunmediated
_2rdamedia
338 _avolume
_2rdacarrier
505 0 _aIntroduction to Hermeneutics -- History of biblical interpretation -- Inspired writers interpretation of inspired writings -- Principles of biblical interpretation -- Interpretation in proclamation -- Appendix.
526 _aSEG42
526 _aSEG41
526 _aSEG40
526 _aSEG39
526 _aP94
526 _aP87
526 _aP86
526 _aP85
526 _aP77
526 _aP76
526 _aP35
650 1 4 _aHermenéutica bíblica.
700 1 _aHyde, Gordon M.
_eeditor.
942 _2ddc
_cBOOK
949 _a220.66 H99
_wDEWEY
_c1
_i39089
_lCCODEBUL1
_mBUL
_p00.00
_r0
_sY
_tBOOK
_u2015-06-25
_xBIBLIOTECA
_zUNKNOWN
_0COMPRA
_o.STAFF. Colección General
596 _a1
999 _a220.66 H99
_wDEWEY
_c39602
_i39089
_d39602
_e2019-3-8
_f2021-11-11
_g5
_lCCODEBUL1
_mBUL
_n2
_p10.00
_q2
_r0
_sY
_tBOOK
_u2015-6-25
_xTEOLOGIA
_PP35
_0COMPRA
_o.STAFF. Colección Teología
980 _81
_gALBERTO SANCHEZ Responsable de Automatización